| 000 | 01230nam a2200289 i 4500 | ||
|---|---|---|---|
| 001 | 3688034 | ||
| 003 | NUST-PNEC | ||
| 005 | 20170116180714.0 | ||
| 008 | 780825s1977 stk d 000 0 eng | ||
| 010 | _a 78311410 | ||
| 015 | _aGB77-33752 | ||
| 020 |
_a0550102264 : _a0550102272 (presentation ed.). _a0550102280 (quarter leather ed.). _a0550102299 (full leather ed.). _a0550102302 (half leather handbd.). _a0550102310 (full leather handbd.) |
||
| 040 |
_aDLC _cPNEC _dDLC |
||
| 050 | 0 | 0 |
_aPE1628 _b.C43 1977 |
| 082 | 0 | 0 | _a423 MAC |
| 100 |
_9652 _aMacdonald A.M. |
||
| 245 | 0 | 0 |
_aChambers twentieth century dictionary : _bwith supplement. _cA.M. Macdonald |
| 250 |
_aRev. [ed.]. / _bedited by A. M. Macdonald. |
||
| 260 |
_aEdinburgh : _bW. and R. Chambers, _c1977. |
||
| 300 |
_axii, 1652 p. ; _c22 cm. |
||
| 500 | _ahttp://www.amazon.com/s/ref=nb_sb_noss?url=search-alias%3Dstripbooks&field-keywords=0550102264&rh=n%3A283155%2Ck%3A0550102264 | ||
| 500 | _aFirst ed. published in 1901 under title: Chambers twentieth century dictionary of the English language. | ||
| 650 | 0 |
_aEnglish language _xDictionaries. |
|
| 700 | 1 |
_aMacdonald, A. M., _eed. |
|
| 906 |
_a7 _bcbc _corignew _d4 _encip _f19 _gy-gencatlg |
||
| 942 |
_2ddc _cBK |
||
| 999 |
_c61097 _d61097 |
||